1736 1762 1194 1800 1590 1014 1962 1924 1810 1326 1172 1772 1538 1007 1503 1480 1209 1737 1279 1583 1698 1899 1744 1183 1239 1503 1659 1036 1945 1365 1868 1687 1085 1480 1960 1233 1661 1317 1954 1958 1009 1606 1735 1866 1687 1126 1075 1632 1237 1526 1175 1856 1891 1240 1673 1038 1657 1351 1287 1070 1448 1529 1010 1685 1272 1445 1970 1284 1473 1705 1721 1829 1389 1770 1396 1650 1037 1367 1340 1296 1261 1060 1042 1090 1868 1662 1540 1966 1669 1605 1575 1909 1434 1661 1326 1386 1699 1818 1791 BCNSPRNW ULIB Ver.6.0+V

เปลี่ยนเป็นภาษาไทย

Change to English
 แสดงรายละเอียดบรรณานุกรม
  กลับหน้าหลัก

Brief Record : Get Marc (ISO 2709) : E-mail record : QR code < ปิดหน้าต่าง
LEADER : 00000nam 2200000uu 4500
001    13399128533
003     ULIB
008    230831s2560||||th 000 0 tha d
020    ^a9786163920638
060    ^aWS440^bก728น
100    ^aกุลวรากร เอกอัครากุล
245    ^aนิทานสร้างเสริมลักษณะนิสัย สอนให้เด็ก ๆ รู้จักป้องกันตนเองจากอันตราย แมวเหมียวเล่นซนในบ้าน
250    ^aพิมพ์ครั้งที่ 1
260    ^aกรุงเทพฯ :^bโลกหนังสือ,^c2560
300    ^a10 หน้า;^c19 ซม.
650    ^aนิทานเด็ก
650    ^aเด็ก-พัฒนาการ
945    ^p60^l0^i010301
999    ^aประนอม เกษจรัล
รายการนี้ยังไม่มีแท็ก
คุณยังไม่ได้ล็อกอิน คุณสามารถมีกิจกรรมร่วมกับเว็บไซต์ได้ แต่ต้องล็อกอินก่อน ::
  ล็อกอิน

รายการสื่อสารสนเทศ

ลำดับที่ ประเภท เลขเรียก/บาร์โค้ด สถานที่ สถานะ
1. วิทยาศาสตร์การแพทย์ และสุขภาพ
วิทยาศาสตร์การแพทย์ และสุขภาพ
WS440 ก728น ฉ.1 
  Barcode: 010301
ห้องสมุดวิทยาเขตสวรรค์ประชารักษ์
►หนังสือทั่วไป
บนชั้น

รายการใกล้เคียง
    ชื่อเรื่อง [นิทานสร้างเสริมลักษณะนิสัย สอนให้เด็ก ๆ รู้จักป้องกันตนเองจากอันตราย แมวเหมียวเล่นซนในบ้าน]

    ผู้แต่ง [กุลวรากร เอกอัครากุล]

    หัวเรื่อง [นิทานเด็ก]
    หัวเรื่อง [เด็ก-พัฒนาการ]

BibComment


ยังไม่เคยถูกคอมเมนท์

คอมเมนท์ทรัพยากรรายการนี้
  คอมเมนท์: นิทานสร้างเสริมล..


 Copyright 2026. Bcnsprnw @Library